| 000 | 00915cam a2200277 a 4500 | ||
|---|---|---|---|
| 001 | 2998726 | ||
| 003 | NUST - PNEC | ||
| 005 | 20170116181136.0 | ||
| 008 | 931203s1994 nyua b 001 0 eng | ||
| 010 | _a 93044757 | ||
| 020 | _a0070113513 (acidfree paper) | ||
| 020 | _a0071138927 | ||
| 040 | _cLIBRARY | ||
| 050 | 0 | 0 |
_aHD69.P75 _bC526 1994 |
| 082 | 0 | 0 |
_a658.404 CLE _220 |
| 100 | 1 | _aCleland, David I. | |
| 245 | 1 | 0 |
_aProject management : strategic design and implementation / _cDavid I. Cleland. |
| 250 | _a2nd ed. | ||
| 260 |
_aNew York : _bMcGraw-Hill, _cc1994. |
||
| 300 |
_axx, 478 p. : _bill. ; _c24 cm. |
||
| 504 | _aIncludes bibliographical references and index. | ||
| 650 | 0 |
_aProject management. _xMIS |
|
| 906 |
_a7 _bcbc _corignew _d1 _eocip _f19 _gy-gencatlg |
||
| 942 |
_2ddc _cBK |
||
| 999 |
_c70221 _d70221 |
||